|
|
|
|
| LEADER |
00000nam0a2200000 4500 |
| 001 |
362396 |
| 005 |
20231102011503.0 |
| 035 |
|
|
|a (RuTPU)RU\TPU\retro\19742
|
| 035 |
|
|
|a RU\TPU\book\81044
|
| 090 |
|
|
|a 362396
|
| 100 |
|
|
|a 20210726d1980 k y0rusy50 ca
|
| 101 |
0 |
|
|a rus
|
| 102 |
|
|
|a RU
|
| 105 |
|
|
|a a m 001zy
|
| 200 |
1 |
|
|a Исследование процесса чистового точения никелевых и титановых сплавов резцами с зачищающими режущими кромками
|e автореферат диссертации на соискание ученой степени кандидата технических наук
|e спец. 05.03.01
|f Н. И. Губкин
|g Томский политехнический институт ; науч. рук. В. С. Кушнер
|
| 210 |
|
|
|a Томск
|c [Б. и.]
|d 1980
|
| 215 |
|
|
|a 19 с.
|c ил.
|
| 320 |
|
|
|a Библиогр.: с. 18-19 (7 назв.)
|
| 606 |
1 |
|
|a Никелевые сплавы
|x Обработка точением
|2 stltpush
|3 (RuTPU)RU\TPU\subj\46226
|9 65394
|
| 610 |
1 |
|
|a титановые сплавы
|
| 610 |
1 |
|
|a чистовая лезвийная обработка
|
| 610 |
1 |
|
|a чистовое точение
|
| 610 |
1 |
|
|a резцы
|
| 610 |
1 |
|
|a зачищающие режущие кромки
|
| 610 |
1 |
|
|a исследование
|
| 610 |
1 |
|
|a токарная обработка
|
| 610 |
1 |
|
|a поверхности
|
| 610 |
1 |
|
|a режимы
|
| 610 |
1 |
|
|a авторефераты диссертаций
|
| 675 |
|
|
|a 621.941.1:669(04)
|v 4
|
| 686 |
|
|
|a 05.03.01
|2 oksvnk
|
| 700 |
|
1 |
|a Губкин
|b Н. И.
|g Николай Иванович
|
| 702 |
|
1 |
|a Кушнер
|b В. С.
|4 727
|
| 712 |
0 |
2 |
|a Томский политехнический институт
|c (1944-1991)
|2 stltpush
|3 (RuTPU)RU\TPU\col\1123
|9 23521
|
| 801 |
|
1 |
|a RU
|b 63413507
|c 20050405
|g PSBO
|
| 801 |
|
2 |
|a RU
|b 63413507
|c 20210726
|g RCR
|
| 942 |
|
|
|c BK
|